| 000 | 00730cam a2200253 a 4500 | ||
|---|---|---|---|
| 001 | 16858223 | ||
| 005 | 20180226035224.0 | ||
| 008 | 110706s2011 mnub 001 0 eng | ||
| 010 | _a 2011290013 | ||
| 020 | _a9780314908643 (hbk.) | ||
| 020 | _a9780314274298 (pbk. ; teacher's manual) | ||
| 040 |
_aDLC _cDLC |
||
| 041 | _aeng | ||
| 042 | _apcc | ||
| 043 | _an-us--- | ||
| 080 | _a34 BEN | ||
| 082 | _234 BEN | ||
| 100 | 1 | _a14 | |
| 101 | _aJUR | ||
| 245 | 1 | 0 |
_aCivil procedure : _cby A. Benjamin Spencer. |
| 906 |
_a7 _bcbc _corigcop _d2 _encip _f20 _gy-gencatlg |
||
| 942 |
_2ddc _cBK |
||
| 999 |
_c43406 _d43406 |
||